000
00191 a2200097 4500
020
_a
9780060888749
041
_a
eng
100
_a
Cornwell, Bernard
245
_a
The burning land
942
_c
BK
999
_c
30024
_d
30022